000 00959nam a2200301 a 4500
001 000018581
003 DO-SdBNP
005 20230515125317.0
007 000018581
008 100511s2005 sp av 000 d spa d
020 _a9875505986
040 _aBPMSU
_bspa
_cBPMSU
082 4 _a862.5
_bG216b 2005
_222
092 _a862.62
_bG216b
100 1 _aGarcía Lorca, Federico,
_d1898-1936.
245 1 0 _aBodas de sangre /
_cFederico García Lorca ; prólogo Silvina Beatriz Marsimian .
260 _aBuenos Aires, Argentina :
_bLongseller,
_b2005
300 _a165 p. :
_bil. ;
_c20 cm.
490 0 _aClásicos de siempre;
_aJoyas del teatro,
_v6
500 _aIncluye notas al pie de las páginas.
590 _aInventariado, 2023/VM
650 4 _aTeatro esapañol
650 4 _aEmociones
_vTeatro.
650 4 _aLiteratura española
700 1 _aMarsimian, Silvia Beatriz,
_epról.
910 _aVMateo V. Control de calidad (BPMSU)
942 _2ddc
_cBK
999 _c8643
_d8643